Biblioteka Instytutu Północnego w Olsztynie

"Gazeta Olsztyńska" 1886-1939 : (Rekord nr 27713)

Szczegóły MARC
000 -Nagłówek
fixed length control field 01801nam a2200493 i 4500
001 - Nr kontrolny bibl., która utworzyła rek.
control field xx005921263
003 - Siglum bibl., której nr kontr. jest w 001
control field NUKAT
005 - Data i czas ostatniej operacji
control field 20260421133959.0
008 - Elementy pola stałej długości
fixed length control field 260413s2026 pl a |010 0 pol c
020 ## - ISBN
ISBN 9788367593038
dopowiedzenie (oprawa miękka) :
warunki dostępności egzemplarz bezpłatny
035 ## - Systemowy numer kontrolny
systemowy numer kontrolny (NUKAT)xx005921263
040 ## - Instytucja sporządzająca opis
Instytucja, która sporządziła opis OLSZT 008/bak
język katalgowania-trzyzn. kod pol
zasady opisu rda
Instytucja, która sporządziła rekord OLSZT 008/bak
045 2# - Okres czasu dla zawartości
czas między r. 9999 pne a nasz. czas. d1886
-- d1939
046 ## - Kod rodz. daty, data1, data2 (daty pne)
Begin/single date 2026
100 1# - Hasło główne-nazwa osobowa
Nazwa osobowa Raińska, Kinga.
rodzaj współpracy Autor
9 (RLIN) 40369
245 10 - Tytuł właściwy i oznaczenie odpow.
tytuł "Gazeta Olsztyńska" 1886-1939 :
dodatek do tytułu w 140. rocznicę pierwszego numeru /
dod. inf. ze s. tyt./ozn. odpow. opracowanie merytoryczne Kinga Raińska.
260 ## - Adres wydawniczy
miejsce wydania, dystrybucji itp. Olsztyn :
nazwa wydawcy, dystrybutora itp. Muzeum Warmii i Mazur w Olsztynie,
data wydania, dystrybucji itp. 2026.
300 ## - Opis fizyczny
objętość i/lub forma materiału 36 stron :
inne szczegóły opisu fizycznego ilustracje ;
format 30 cm.
336 ## - Content Type
Term Tekst
Code txt
Source rdacontent
337 ## - Media Type
Term Bez urządzenia pośredniczącego
Code n
Source rdamedia
338 ## - Carrier Type
Term Wolumin
Code nc
Source rdacarrier
380 ## - Form of work
Form of work Książki
380 ## - Form of work
Form of work Publikacje popularnonaukowe
388 1# - TIME PERIOD OF CREATION
Time period of creation term 2001-
500 ## - Uwaga ogólna
uwaga ogólna Opis częściowo według okładki.
630 07 - Hasło przedmiotowe-tytuł ujednolicony
tytuł ujednolicony Gazeta Olsztyńska (1886-1939)
źródło hasła DBN
9 (RLIN) 40375
648 #7 - SUBJECT ADDED ENTRY--CHRONOLOGICAL TERM
Chronological term 1801-1900
Source of heading or term DBN
9 (RLIN) 36037
648 #7 - SUBJECT ADDED ENTRY--CHRONOLOGICAL TERM
Chronological term 1901-2000
Source of heading or term DBN
9 (RLIN) 34996
648 #7 - SUBJECT ADDED ENTRY--CHRONOLOGICAL TERM
Chronological term 1901-1914
Source of heading or term DBN
9 (RLIN) 36038
648 #7 - SUBJECT ADDED ENTRY--CHRONOLOGICAL TERM
Chronological term 1914-1918
Source of heading or term DBN
9 (RLIN) 36040
648 #7 - SUBJECT ADDED ENTRY--CHRONOLOGICAL TERM
Chronological term 1918-1939
Source of heading or term DBN
9 (RLIN) 36041
650 #7 - Hasło przedmiotowe-nazwa pospolita
nazwa pospolita lub geogr. Czasopismo polskie
źródło hasła DBN
9 (RLIN) 39088
650 #7 - Hasło przedmiotowe-nazwa pospolita
nazwa pospolita lub geogr. Gazeta
źródło hasła DBN
9 (RLIN) 40376
651 #7 - Hasło przedmiotowe-nazwa geogr.
nazwa geograficzna Olsztyn (woj. warmińsko-mazurskie)
źródło hasła DBN
9 (RLIN) 35996
655 #7 - Termin określający rodzaj/formę
rodzaj/forma Broszura
źródło terminu DBN
9 (RLIN) 34954
655 #7 - Termin określający rodzaj/formę
rodzaj/forma Opracowanie
źródło terminu DBN
9 (RLIN) 35024
655 #7 - Termin określający rodzaj/formę
rodzaj/forma Publikacja bogato ilustrowana
źródło terminu DBN
9 (RLIN) 35165
655 #7 - Termin określający rodzaj/formę
rodzaj/forma Publikacja okolicznościowa
źródło terminu DBN
9 (RLIN) 36813
658 ## - Nazwa określająca cel programu nauczania
główny cel programu nauczania Historia
658 ## - Nazwa określająca cel programu nauczania
główny cel programu nauczania Media i komunikacja społeczna
710 2# - Hasło dodatkowe - nazwa ciała zbior.
nazwa ciała zbior. lub nazwa geogr. Muzeum Warmii i Mazur (Olsztyn).
rodzaj współpracy Wydawca
kod rodzaju współpracy pbl
9 (RLIN) 11735
920 ## - ISBN
ISBN 978-83-67593-03-8 (oprawa miękka) : egzemplarz bezpłatny
942 ## - ADDED ENTRY ELEMENTS (KOHA)
Source of classification or shelving scheme Dewey Decimal Classification
Koha item type pozycje dostępne na miejscu
Egzemplarze
Status wycofania Status zagubienia Klasyfikacja Status uszkodzenia Blokada wypożyczeń Kolekcja Lokalizacja macierzysta Lokalizacja bieżąca Data nabycia Numer akcesji Źródło akcesji Cena Nr inwentarzowy il. wypożyczeń Sygnatura Kod kreskowy Date last seen Price effective from Typ egz. Uwaga OPAC
    Dewey Decimal Classification nieuszkodzona   książka w magazynie Biblioteka Instytutu Północnego w Olsztynie Biblioteka Instytutu Północnego w Olsztynie 21/04/2026 D-43/2026 dar 30.00 73972   73972 IPWK24040 21/04/2026 21/04/2026 pozycje dostępne na miejscu + nr jubileuszowy 57(21626) GO: 140 stron, 140 lat historii
    Dewey Decimal Classification nieuszkodzona   książka w magazynie Biblioteka Instytutu Północnego w Olsztynie Biblioteka Instytutu Północnego w Olsztynie 21/04/2026 D-43/2026 dar 4.99   w 73972 IPWK21622 21/04/2026 21/04/2026 pozycje dostępne na miejscu + nr jubileuszowy 57(21626) GO: 140 stron, 140 lat historii
Biblioteka Instytutu Północnego, ul. Partyzantów 87, 10-402 Olsztyn, email: biblioteka(at)ip.olsztyn.pl